000 01193nam0a22002891 4500
001 v19\rc\1998148
005 20251118181251.9
035 _a(NLR Aleph) 005073984
090 _a7125363
_c7125363
100 _a20080811d1915 u y0rusy50 ca
101 0 _arus
102 _aRU
105 _ay z |||||
200 1 _aПостройка ледников, ледохранилищ и изготовление искусственного льда
_eПракт. руководство для сел. хозяев, архитекторов, инженеров, техников, строителей и домовладельцев
_eС 92 рис. в тексте
_fСост. С.Н. Ванков
210 _aПетроград
_cП.П. Сойкин
_d[1915]
215 _a112 с.
_d23
320 _aБиблиогр.: указание лит. в предисл. (8 назв.)
700 1 _aВанков
_bС.Н.
_gСемен Николаевич
_4220
801 0 _aRU
_bNLR
_gpsbo
801 0 _aRU
_bRuMoRGB
_2psbo
801 1 _aRU
_bProSoft-M
_2rusmarc
852 _aNLR
_j37.70.5.201
899 _aRuMoRGB
_jV 84/145
899 _aRuMoRGB
_jU 383/96
899 _aБАН
942 _cBOOK
980 _aNB